Castellano : segundo curso /

Guardado en:
Autor Principal: Molina De Cogorno, Graciela E
Formato: Libro
Publicado: Buenos Aires : Troquel, 1970
Edición:13a. ed.
Materias:
Etiquetas: Agregar Etiqueta
Sin Etiquetas, Sea el primero en etiquetar este registro!
LEADER 00582nam a22002175a 4500
001 CEM.cems004475
005 20060216000000.0
008 130507s1970##################000#0#####d
003 CEMS
082 0 4 |a 468 
100 1 |a Molina De Cogorno, Graciela E 
245 1 0 |a Castellano :  |b segundo curso / 
250 |a 13a. ed. 
260 |a Buenos Aires :  |b Troquel,  |c 1970 
300 |a 205 p. 
653 |a Adjetivo 
653 |a Adverbio 
653 |a Articulo 
653 |a Lengua y literatura 2do. año 
653 |a Oracion 
859 |a CEMS  |b BIB. CEMS - 11 de abril  |h 468  |i M733a13/II  |p 5340.75  |t Ej.1